000 00461nam a22001937a 4500
003 OSt
005 20241105120959.0
008 241105b |||||||| |||| 00| 0 eng d
040 _cMRSPTU
041 _aENG
082 _a630
_bJA-M
100 _aJain, Lokesh Kumar
245 _aManual of Fundamentals of Agronomy
260 _aJodhpur
_bScientific Pub.
_c2020
300 _a240
650 _aAgriculture
700 _aJain, Ravindra
942 _2ddc
_cBK
_n0
999 _c10435
_d10435